Use of the controlled droplet application(c.d.a) technique for herbicide application (Record no. 71973)

MARC details
000 -LEADER
fixed length control field 00418nam a2200157Ia 4500
100 ## - MAIN ENTRY--AUTHOR NAME
Personal name Jollands P
245 #0 - TITLE STATEMENT
Title Use of the controlled droplet application(c.d.a) technique for herbicide application
260 ## - PUBLICATION, DISTRIBUTION, ETC. (IMPRINT)
Name of publisher Planter
Year of publication 1983
300 ## - PHYSICAL DESCRIPTION
Number of Pages 388-407
650 ## - SUBJECT ADDED ENTRY--TOPICAL TERM
Topical Term Herbicide
700 ## - ADDED ENTRY--PERSONAL NAME
Personal name Karthika D
700 ## - ADDED ENTRY--PERSONAL NAME
Personal name Soebagyo F X
700 ## - ADDED ENTRY--PERSONAL NAME
Personal name Turner P D
942 ## - ADDED ENTRY ELEMENTS (KOHA)
Koha item type Journals
Holdings
Withdrawn status Lost status Damaged status Not for loan Home library Current library Shelving location Date acquired Serial Enumeration / chronology Koha item type
      Journals RRII Library RRII Library Soils and agonomy 17/12/2021 Volume 59, Issue Journals